01673nam a2200241Ia 4500001000600000003000900006008004100015040001300056040001300069041001300082100001500095100002900110245003300139245003300172250001100205260000900216260001300225260004900238300004300287500105200330650001801382650003101400E5527IT-RoPAU130308s9999 xx 000 0 und d aIT-RoPAU cIT-RoPAU aITALIANO aBodei Remo gCodice Aut. SPICS: 2055 aFilosofia del Novecento (La) bFilosofia del Novecento (La) a1a ed. aROMA bDonzelli c1997 [1° Ed.:1997 - Ed.Ling.Originale:1997] a"192 p. (prefazione: no ; testo: 192)" aFilosofie Dello Slancio. Filosofia e Sapere Scientifico. pathos dell'Oggettivazione: Durkheim e Weber, da croce a Gramsci. Dislivelli della Storia: storicismo di Dilthey, Filosofia dell'Antropologia, Mito e Ragione Strumentale del Nazionalsocialismo. incontro delle Filosofie e Nuova Epistemologia. pensiero Dialettico. Mondo e Sguardo: Husserl e la Visione della Cosa, Schutz e le Migrazioni di Senso, Heidegger e Il Disvelamento dell'Essere, Witgenstein Linguaggio e Mondo, Sartre e Lo Sguardo dell'Altro, Laing e bateson e gli Inestricabili Nodi, Merleau Ponty e la tovaglia Bianca, Foucault e Losguardo del Potere e le Tecniche dell'Io, Parfit o Il tunnel di vetro dell'Identità. Vincoli della Tradizione: Blumenberg e le Metafore, Gadamer e L'Ermeneutica, mitologia bianca di Derrida. Vita Activa: Arendt Pensare Volere e Giudicare, Habermas e Il Deserto Avanza, Rawls Lotteria Naturale e Giustizia. guardando Avanti: Orizzonti della Terra, Dall'Italia, Rorty Comunità e Verità, Incertezza e Disimpegno, ritorno della Responsabilita'. aEPISTEMOLOGIA eCodice materia Spics: 3051